01127nam a2200265 a 4500999001500000001000500015003000900020005001700029008004100046040004000087082001900127100002500146245005500171260004100226300002000267505001100287650001700298650003900315651001100354942001200365952012100377952012100498952012100619952012100740 c7667d76679019BD-DhUAP20210128102248.0210127s pk b 001 0 eng d aDLCcOClUdOCoLCdUkdBD-DhUAPbEng00a340.59 BAI2231 aBaillie, Neil. B. E.10aA digest of Moohummadan law /cNeil B. E. Baillie. aLahore :bPremier Book House,c...?. aparts ;c22 cm. aP. 2-- 0aIslamic law. 0aFreedom of religion (Islamic law). aIndia.002ddccBK 00102ddc4070aUAPCLbUAPCLcReserve Stacksd2021-01-28o340.59 BAI P-2p3010009019r2021-01-28t1w2021-01-28yBK 00102ddc4070aUAPCLbUAPCLcReserve Stacksd2021-01-28o340.59 BAI P-2p3010008897r2021-01-28t2w2021-01-28yBK 00102ddc4070aUAPCLbUAPCLcReserve Stacksd2021-02-01o340.59 BAI P-2p3010009018r2021-02-01t3w2021-02-01yBK 00102ddc4070aUAPCLbUAPCLcReserve Stacksd2021-02-01o340.59 BAI P-2p3010008810r2021-02-01t4w2021-02-01yBK